MARC

LEADER 00000nam0a2200000 4500
001 237943
005 20231101231555.0
035 |a (RuTPU)RU\TPU\book\259124 
090 |a 237943 
100 |a 20130520d1976 m y0rusy50 ca 
101 0 |a rus 
102 |a RU 
105 |a a j 001zy 
200 1 |a Курс высшей геодезии  |e учебник  |f П. С. Закатов 
205 |a 4-е изд., перераб. и доп. 
210 |a Москва  |c Недра  |d 1976 
215 |a 512 с.  |c ил. 
320 |a Библиогр.: с. 504-506. 
320 |a Предметный указатель: с. 500-503. 
606 1 |a Геодезия высшая  |2 stltpush  |3 (RuTPU)RU\TPU\subj\6025  |9 33991 
610 1 |a формулы 
610 1 |a земной эллипсоид 
610 1 |a кривизна 
610 1 |a сферические треугольники 
610 1 |a геодезические широты 
610 1 |a вычисление 
610 1 |a долгота 
610 1 |a азимуты 
610 1 |a дифференциальные формулы 
610 1 |a координаты Гаусса-Крюгера 
610 1 |a физическая геодезия 
610 1 |a сила тяжести 
610 1 |a притяжение 
610 1 |a потенциал 
610 1 |a определение 
610 1 |a Земля 
610 1 |a отвесные линии 
610 1 |a уклонения 
610 1 |a высоты 
610 1 |a редукция 
610 1 |a градусные измерения 
610 1 |a сферическая астрономия 
610 1 |a астрономические координаты 
610 1 |a космическая геодезия 
610 1 |a учебники 
675 |a 528.2/.3(075.8)  |v 3 
700 1 |a Закатов  |b П. С.  |g Петр Сергеевич 
801 1 |a RU  |b 63413507  |c 20130520 
801 2 |a RU  |b 63413507  |c 20210122  |g RCR 
942 |c BK